000 00607nam a2200193Ia 4500
005 20250326142913.0
008 250326s9999 xx 000 0 und d
020 _a0-7494-3561-5
037 _aTextbook
040 _aFMSL
_beng
_cFMSL
041 _aeng
_2eng
084 _aX:8 P1
_qFMSL
100 _aCurnow Barry
_9746848
245 0 _aManagement Consultancy:The Evolution, Practice and Structure of Management Consultancy Worldwide
_cCurnow Barry; Reuvid Jonathan
260 _aLondon
_bLondon, Kogan Page
_c2001
300 _axxiv,520
942 _cTB
_hX:8 P1
999 _c1297187
_d1297187